000 00335nam a2200133Ia 4500
008 240624s9999 xx 000 0 und d
041 _aeng
082 _a658.4092 PIR
100 _aPIRAMAL GITA
245 _aSMART LEADERSHIP INSIGHTS FOR CEOS
260 _c2005
_aNew Delhi
_bPenguin Books
300 _a207p. : cm. ; 21
365 _cBPS
999 _c3600
_d3600